Autoroute A7 - Statistiques

Statistiques générales
  • Ce quiz a été pris 80 fois
  • Le résultat moyen est 43 sur 126
Statistiques - réponses
Indice Réponse % Correct
Sortie 1.2 Lyon
84%
Aire de service Montélimar
84%
Sortie 17 Montélimar-Nord
84%
Sortie 18 Montélimar-Sud
84%
Sortie 21 Orange-Centre
83%
Sortie 20 Orange-Nord
83%
Sortie 22 Orange-Sud
83%
Aire de repos Orange - le Coudoulet
83%
Sortie 14 Valence-Nord
83%
Sortie 15 Valence-Sud
83%
Frontière départementale Drôme
78%
Pont Pont sur le Rhône
78%
Pont Viaduc de la Drôme
78%
Frontière départementale Rhône
76%
Pont Viaduc de l'Isère
76%
Sortie 23 Avignon-Nord
72%
Sortie 24 Avignon-Sud
72%
Aire de repos | Gare de péage | Sortie 11 | Sortie 9 Vienne
72%
Frontière départementale Isère
71%
Sortie 27 Salon-Nord
71%
Frontière départementale Vaucluse
71%
Frontière départementale Bouches-du-Rhône
64%
Frontière régionale Provence-Alpes-Côte d'Azur
57%
Frontière régionale Auvergne-Rhône-Alpes
55%
Échangeur A9
52%
Sortie 19 Bollène
52%
Échangeur A8
48%
Sortie 16 Loriol
45%
Échangeur A46
38%
Aire de repos | Sortie 25 Cavaillon
38%
Sortie 6 Feyzin
38%
Aire de service | Sortie 29 Vitrolles
36%
Aire de repos | Sortie 26 Sénas
33%
Échangeur A47
31%
Échangeur A54
31%
Sortie 30 Marignane
31%
Sortie 3 Oullins
31%
Aire de service Saint-Rambert-d'Albon
31%
Échangeur A51
29%
Sortie 12 Chanas
29%
Aire de repos Pierrelatte
29%
Échangeur A55
28%
Sortie 2 La Mulatière
28%
Sortie 4 Pierre-Bénite-nord
28%
Pont Pont de la Mulatière
28%
Sortie 13 Tain-l'Hermitage
28%
Sortie 8 Chasse
26%
Sortie 5 Saint-Fons
26%
Aire de repos Livron
24%
Aire de service | Gare de péage Lançon - Provence
22%
Sortie 10 Condrieu
19%
Frontière départementale Métropole de Lyon
19%
Sortie 28 Rognac-Berre
19%
Aire de service Roussillon
19%
Aire de repos La Coucourde
17%
Aire de repos Le Tricastin
17%
Aire de service Mornas - Village
17%
Aire de service | Sortie 7 Solaize
17%
Sortie 31 Les Pennes-Mirabeau
16%
Aire de service Portes-lès-Valence
16%
Échangeur A450
14%
Aire de service Latitude 45
14%
Aire de service Mornas - les Adrets
14%
Aire de service Pont-de-l'Isère
14%
Sortie 37 Saint-Charles
14%
Tunnel Tunnel des Pennes-Mirabeau
14%
Aire de repos Donzère
12%
Sortie 1.3 Gerland
12%
Échangeur A507
10%
Sortie 1.1 Part Dieu
10%
Aire de service Morières
9%
Aire de repos Savasse
9%
Échangeur A557
7%
Aire de repos Lamanon
7%
Sortie 32 Saint-Antoine
7%
Aire de service Sérézin-du-Rhône
7%
Pont Viaduc de l'Ouvèze
7%
Aire de repos | Sortie 11.1 Auberives
5%
Sortie 33 Les Aygalades
5%
Tunnel Tunnel de Saint-Antoine
5%
Pont Viaduc de Chasse-sur-Rhône
5%
Aire de repos Bras de Zil
3%
Aire de repos Cabannes
3%
Sortie 35 La Rose
3%
Sortie 34 Les Arnavaux
3%
Aire de repos Roubion
3%
Aire de repos Bellevue
2%
Sortie DIR Méditerranée
2%
Aire de repos La Galaure
2%
Aire de repos Le Fournalet
2%
Aire de repos Le Logis Neuf
2%
Aire de repos Orange - le Grès
2%
Pont Pont sur la Galaure
2%
Sortie 30a Saint-Victoret
2%
Pont Viaduc de l'Aigues
2%
Pont Viaduc sur le boulevard National (Marseille)
2%
Aire de repos Cavaillon - Plan d'Orgon
0%
Sortie 36 Cinq Avenues
0%
Aire de repos La Bouterne
0%
Aire de repos La Grande Borne
0%
Sortie 30b L'Anjoly
0%
Aire de repos Le Bornaron
0%
Aire de repos Noves
0%
Pont Pont sur la ligne SNCF Lyon - Marseille
0%
Pont Pont sur le canal de dérivation du Rhône
0%
Aucun quiz correspondant
Distribution des résultats
% des personnes avec chaque résultat
Percentile par nombre de réponses
Votre historique - résultats
Vous n’avez pas pris ce quiz